LEADER 02874nam 2200661 a 450 001 9910452352203321 005 20200520144314.0 010 $a1-280-39438-2 010 $a9786613572301 010 $a90-272-7391-X 035 $a(CKB)2550000000100666 035 $a(EBL)915602 035 $a(OCoLC)793996608 035 $a(SSID)ssj0000641525 035 $a(PQKBManifestationID)12209199 035 $a(PQKBTitleCode)TC0000641525 035 $a(PQKBWorkID)10623319 035 $a(PQKB)11607112 035 $a(MiAaPQ)EBC915602 035 $a(Au-PeEL)EBL915602 035 $a(CaPaEBR)ebr10562053 035 $a(CaONFJC)MIL357230 035 $a(EXLCZ)992550000000100666 100 $a20120307d2012 uy 0 101 0 $aeng 135 $aur|n|---||||| 181 $ctxt 182 $cc 183 $acr 200 00$aStandard languages and multilingualism in European history$b[electronic resource] /$fedited by Matthias Hu?ning, Ulrike Vogl, Olivier Moliner 210 $aAmsterdam ;$aPhiladelphia $cJohn Benjamins Pub. Co.$d2012 215 $a1 online resource (349 p.) 225 0 $aMultilingualism and diversity management,$x2210-7010 ;$vv. 1 300 $aDescription based upon print version of record. 311 $a90-272-0055-6 320 $aIncludes bibliographical references and indexes. 327 $asection 1. Theoretical considerations and historical background -- section 2. Case-studies : the changing relationship between standard languages and other varieties. 330 $aThis volume explores the roots of Europe's struggle with multilingualism. It argues that, over the centuries, the pursuit of linguistic homogeneity has become a central aspect of the mindset of Europeans. In its extreme form, it became manifest in the principle of 'one language, one state, one people'. Consequently, multilingualism came to be viewed as an undesirable aberration. The authors of this volume approach the relationship between standard languages and multilingualism from a historical, cross-European perspective. They provide a comprehensive overview of the emergence of a standard la 410 0$aMultilingualism and Diversity Management 606 $aMultilingualism$zEurope$xHistory 606 $aLanguage policy$zEurope 606 $aLanguage planning$zEurope 607 $aEurope$xLanguages 608 $aElectronic books. 615 0$aMultilingualism$xHistory. 615 0$aLanguage policy 615 0$aLanguage planning 676 $a306.44/6094 701 $aHu?ning$b Matthias$0881999 701 $aVogl$b Ulrike$0882000 701 $aMoliner$b Olivier$f1972-$0919615 801 0$bMiAaPQ 801 1$bMiAaPQ 801 2$bMiAaPQ 906 $aBOOK 912 $a9910452352203321 996 $aStandard languages and multilingualism in European history$92062761 997 $aUNINA LEADER 02529nam 22005535 450 001 9910698653603321 005 20251225205504.0 010 $a9783031306341 010 $a3031306341 024 7 $a10.1007/978-3-031-30634-1 035 $a(CKB)5710000000116589 035 $a(DE-He213)978-3-031-30634-1 035 $a(MiAaPQ)EBC7238837 035 $a(Au-PeEL)EBL7238837 035 $a(PPN)269655247 035 $a(MiAaPQ)EBC7237349 035 $a(EXLCZ)995710000000116589 100 $a20230415d2023 u| 0 101 0 $aeng 135 $aurnn#008mamaa 181 $ctxt$2rdacontent 182 $cc$2rdamedia 183 $acr$2rdacarrier 200 10$aAdvances in Cryptology ? EUROCRYPT 2023 $e42nd Annual International Conference on the Theory and Applications of Cryptographic Techniques, Lyon, France, April 23-27, 2023, Proceedings, Part IV /$fedited by Carmit Hazay, Martijn Stam 205 $a1st ed. 2023. 210 1$aCham :$cSpringer Nature Switzerland :$cImprint: Springer,$d2023. 215 $a1 online resource (XVII, 660 p. 160 illus., 75 illus. in color.) 225 1 $aLecture Notes in Computer Science,$x1611-3349 ;$v14007 311 08$a9783031306334 311 08$a3031306333 320 $aIncludes bibliographical references and index. 330 $aThis five-volume set, LNCS 14004 - 14008 constitutes the refereed proceedings of the 42nd Annual International Conference on Theory and Applications of Cryptographic Techniques, Eurocrypt 2023, which was held in Lyon, France, in April 2023. The total of 109 full papers presented were carefully selected from 415 submissions. They are organized in topical sections as follows: Theoretical Foundations; Public Key Primitives with Advanced Functionalities; Classic Public Key Cryptography; Secure and Efficient Implementation, Cryptographic Engineering, and Real-World Cryptography; Symmetric Cryptology; and finally Multi-Party Computation and Zero-Knowledge. 410 0$aLecture Notes in Computer Science,$x1611-3349 ;$v14007 606 $aCryptography 606 $aData encryption (Computer science) 606 $aCryptology 615 0$aCryptography. 615 0$aData encryption (Computer science) 615 14$aCryptology. 676 $a929.605 702 $aHazay$b Carmit 702 $aStam$b Martijn 801 0$bMiAaPQ 801 1$bMiAaPQ 801 2$bMiAaPQ 906 $aBOOK 912 $a9910698653603321 996 $aAdvances in Cryptology ? EUROCRYPT 2023$93106962 997 $aUNINA